00405 2200157 4500001002100000008004100021035002000062245005900082100001900141260001100160300001300171084001400184082000800198650002200206990001900228INLIS000000000001093 ind  a0010-0724001093 aThe Good And Beautiful GodbGood EarthcPearls S. Buck aPearls S. Buck bOxvord a110 hlm. a550 BUE G a550 aIlmu tentang Bumi aP29/CP/24/1093